000
00275nam a2200109Ia 4500
005
20251222143154.0
008
251222s9999||||xx |||||||||||||| ||spa||
082
_a
338.479.1/F75
245
0
_a
Foro de Desarrollo Turistico para la Excelencia
264
_b
MITINCI
942
_c
LIB
999
_c
12795
_d
12795